| 000 | 00406nam a22001337a 4500 | ||
|---|---|---|---|
| 020 | _a9787508542041 | ||
| 040 | _cNUST CL | ||
| 082 |
_a385.0951 _bJIN |
||
| 100 |
_a Zhou , Jingjing _983143 |
||
| 245 |
_aHigh-speed railway in China / _c Jingjing Zhou; Renwei Kang; Pengfei Gao. |
||
| 260 |
_bChina Intercontinental Press, _c2019. |
||
| 300 | _a383 pages : illustrations, maps ; 23 cm | ||
| 942 |
_2ddc _cBK |
||
| 999 |
_c586511 _d586511 |
||